Statistics for Four Home Runs in a Game

Click here to take the quiz!

General Stats

  • This quiz has been taken 45 times
  • The average score is 7 of 18

Answer Stats

HintAnswer% Correct
4/30/1961 GiantsWillie Mays
88%
6/03/1936 YankeesLou Gehrig
82%
4/17/1976 PhilliesMike Schmidt
76%
9/25/2003 Blue JaysCarlos Delgado
53%
5/08/2012 RangersJosh Hamilton
50%
5/23/2002 DodgersShawn Green
44%
6/06/2017 RedsScooter Gennett
38%
6/10/1959 IndiansRocky Colavito
35%
5/02/2002 MarinersMike Cameron
29%
8/31/1950 DodgersGil Hodges
26%
9/04/2017 D-BacksJD Martinez
26%
7/06/1986 BravesBob Horner
24%
9/07/1993 CardinalsMark Whiten
24%
7/10/1936 PhilliesChuck Klein
18%
7/31/1954 BravesJoe Adcock
18%
7/13/1896 PhilliesEd Delahanty
15%
7/18/1948 White SoxPat Seerey
12%
5/30/1894 Bean eatersBobby Lowe
6%

Score Distribution

Percentile by Number Answered

Percent of People with Each Score

Your Score History

You have not taken this quiz